|
|
|
|
| LEADER |
00000nam a22000007i 4500 |
| 001 |
IT\ICCU\UBO\2284063 |
| 003 |
ItRI |
| 005 |
20260115231818.0 |
| 008 |
030904s1995 xxu|||||| ||||| |||||c |
| 020 |
|
|
|a 0452272653 (pbk)
|
| 020 |
|
|
|a 0525938664 (hc)
|
| 040 |
|
|
|b ita
|c importazione bologna sebina
|
| 041 |
|
7 |
|a eng
|2 ISO-639-2
|
| 100 |
1 |
|
|a McLaughlin, Christian
|0 IT\ICCU\UBOV\826079
|4 aut
|
| 245 |
1 |
0 |
|a Glamourpuss /
|c Christian McLaughlin.
|
| 260 |
|
|
|a New York :
|b Plume,
|c 1995
|
| 300 |
|
|
|a 249 p. ;
|c 20 cm.
|
| 942 |
|
|
|2 ddc
|c BK
|n 0
|
| 952 |
|
|
|0 0
|1 0
|4 0
|6 DOC_813_540000000000000_MCL
|7 0
|9 13258
|a BO
|b BO
|d 2026-01-15
|i 7640
|l 0
|o DOC 813.54 MCL
|p BO7640
|r 2026-01-15 23:18:18
|w 2026-01-15
|x [Sebina 5] [1 v.]
|y BK
|z 1 v.
|
| 999 |
|
|
|c 11380
|d 11380
|